000 00288nam a2200133Ia 4500
008 190216s9999||||xx |||||||||||||| ||und||
100 _aSubrahmanyam.N
245 0 _aProgramme For Basic
250 _a2nd Ed.
260 _bNull
_c1984
300 _a180
650 _aComputer
942 _cBK
999 _c8341
_d8341